Guess 100+ Inter Milan footballers by image - Statistics

General Stats
  • This quiz has been taken 984 times
    694 since last reset
  • The average score is 71 of 107
Answer Stats
Picture Answer % Correct
Yann Sommer
98%
Alessandro Bastoni
94%
Benjamin Pavard
92%
Marcus Thuram
91%
Zlatan Ibrahimović
89%
Lautaro Martínez
87%
Samuel Eto'o
87%
Arturo Vidal
86%
Nicolò Barella
86%
Wesley Sneijder
86%
Xherdan Shaqiri
86%
André Onana
85%
Ivan Perisic
85%
Patrick Vieira
85%
Romelu Lukaku
85%
Ronaldo
85%
Achraf Hakimi
84%
Alexis Sánchez
84%
Christian Eriksen
84%
Edgar Davids
84%
Hernán Crespo
84%
Javier Zanetti
84%
Luis Figo
84%
Mario Balotelli
84%
Denzel Dumfries
83%
Mehdi Taremi
83%
Roberto Baggio
83%
Hakan Calhanoglu
82%
Mauro Icardi
82%
Edin Dzeko
81%
João Cancelo
81%
Juan Sebastián Verón
81%
Henrikh Mkhitaryan
80%
Federico Di Marco
79%
Milan Skriniar
79%
Davide Frattesi
78%
Diego Godín
78%
Samir Handanovic
78%
Adriano
77%
Júlio César
77%
Marcelo Brozovic
77%
Stefan de Vrij
77%
Andrea Pirlo
76%
Francesco Acerbi
76%
Matteo Darmian
76%
Clarence Seedorf
75%
Diego Simeone
75%
Lucio
75%
Piotr Zielinski
73%
Ashley Young
72%
Fabio Cannavaro
72%
Lothar Matthäus
72%
Diego Milito
71%
Lukas Podolski
71%
João Mario
70%
Marco Materazzi
70%
Radja Nainggolan
70%
Joaquin Correa
69%
Nemanja Vidic
69%
João Miranda
68%
Philippe Coutinho
68%
Esteban Cambiasso
67%
Goran Pandev
67%
Robin Gosens
67%
Thiago Motta
67%
Carlos Augusto
66%
Dennis Bergkamp
63%
Christian Vieri
62%
Antonio Candreva
61%
Giuseppe Meazza
61%
Rodrigo Palacio
61%
Iván Cordoba
60%
Walter Samuel
60%
Geoffrey Kondogbia
58%
Maicon
58%
Cristian Chivu
57%
Matias Vecino
55%
Ricardo Quaresma
55%
Ever Banega
54%
Gabriel Batistuta
54%
Dejan Stankovic
53%
Danilo D'Ambrosio
52%
Fredy Guarin
51%
Giuseppe Bergomi
51%
Roberto Carlos
50%
Fabio Grosso
49%
Laurent Blanc
48%
Obafemi Martins
48%
Ivan Zamorano
47%
Francesco Toldo
46%
Álvaro Recoba
45%
Giacinto Facchetti
44%
Gianluca Pagliuca
43%
Jürgen Klinsmann
43%
Walter Zenga
43%
Júlio Cruz
38%
Luís Suarez
38%
Andreas Brehme
37%
Sandro Mazzola
36%
Karl-Heinz Rummenigge
34%
Angelo Peruzzi
32%
Youri Djorkaeff
31%
Maxwell
29%
Alessandro Altobelli
24%
Roberto Boninsegna
17%
Santiago Solari
17%
Tarcisio Burgnich
14%
No matching quizzes found
Score Distribution
Percent of People with Each Score
Percentile by Number Answered
Your Score History
You have not taken this quiz since the last reset